Microstructural development of pipeline steel during thermomechanical processing (Record no. 51166)

MARC details
000 -LEADER
fixed length control field 00698nam a2200145 a 4500
008 - FIXED-LENGTH DATA ELEMENTS--GENERAL INFORMATION
fixed length control field 100805s2010 ||||||||||||||||| || u
050 ## - LIBRARY OF CONGRESS CALL NUMBER
Classification number STAFF PAPERS
100 ## - MAIN ENTRY--PERSONAL NAME
Personal name Nyirenda, Kawunga
245 10 - TITLE STATEMENT
Title Microstructural development of pipeline steel during thermomechanical processing
260 ## - PUBLICATION, DISTRIBUTION, ETC.
Place of publication, distribution, etc. Washington DC
Name of publisher, distributor, etc. TMS
Date of publication, distribution, etc. 2010
350 ## - PRICE (NR) (BK AM CF MU VM SE) [OBSOLETE]
Price 0.00
500 ## - GENERAL NOTE
General note Paper presented at the International Symposium during the TMS 2010 Annual Meeting and Exhibition, Seattle, Washington, USA, February 14-18, 2010
650 ## - SUBJECT ADDED ENTRY--TOPICAL TERM
Topical term or geographic name entry element MATERIALS--THERMAL PROPERTIES
995 ## - RECOMMENDATION 995 [LOCAL, UNIMARC FRANCE]
-- 0.00
-- CBU-MAIN LIBRARY (Kitwe)
-- 1
-- 0.00
-- 1
-- AVAILABLE
-- Aug 6, 2010
-- University Collection
Holdings
Withdrawn status Lost status Source of classification or shelving scheme Damaged status Not for loan Home library Current library Shelving location Date acquired Total Checkouts Full call number Barcode Date last seen Price effective from Koha item type
          CBU-MAIN LIBRARY, KITWE. CBU-MAIN LIBRARY, KITWE.   11/30/2022   STAFF PAPERS 03006920 11/30/2022 11/30/2022 MONOGRAPH